书目信息 |
| 题名: |
同种植物的不同花型
|
|
| 作者: | 达尔文 著 ;叶笃庄 译 | |
| 分册: | ||
| 出版信息: | 北京 北京大学出版社 2019.5 |
|
| 页数: | 277页 | |
| 开本: | 26cm | |
| 丛书名: | 科学元典丛书 | |
| 单 册: | ||
| 中图分类: | Q944.58 | |
| 科图分类: | ||
| 主题词: | 植物--花部形态--普及读物 | |
| 电子资源: | ||
| ISBN: | 978-7-301-30304-7 | |
| 000 | 01346nam2 2200325 45 | |
| 001 | 012001002564 | |
| 005 | 20140914141957.0 | |
| 010 | @a978-7-301-30304-7@dCNY79.00 | |
| 100 | @a20190531d2019 em y0chiy50 ea | |
| 101 | 1 | @achi@ceng |
| 102 | @aCN@b110000 | |
| 105 | @aa z 000yy | |
| 106 | @ar | |
| 200 | 1 | @a同种植物的不同花型@Atong zhong zhi wu de bu tong hua xing@b专著@dThe different forms of flowers on plants of the same species@f(英)达尔文著@g叶笃庄译@zeng |
| 210 | @a北京@c北京大学出版社@d2019.5 | |
| 215 | @a277页@c图,照片@d26cm | |
| 225 | 2 | @a科学元典丛书@v53 |
| 300 | @a北京大学通识教育经典名著阅读计划 “十三五”国家重点图书出版规划 | |
| 300 | @a并列题名:Different forms of flowers on plants of the same species | |
| 308 | @a丛书第三辑 | |
| 330 | @a本书作者综合运用了比较形态学、生理亲和性、传粉学、生态和遗传学的证据深入剖析三种性系统多态性现象:异型花柱、雌雄异株和闭花受精。一共报道了14个科38个属包含有异型花柱植物。 | |
| 461 | 0 | @12001 @a科学元典丛书 |
| 462 | 0 | @1001002992457 |
| 510 | 1 | @aDifferent forms of flowers on plants of the same species@zeng |
| 606 | 0 | @a植物@x花部形态@j普及读物 |
| 690 | @aQ944.58@v5 | |
| 701 | 0 | @c(英)@a达尔文@Ada er wen@c(Darwin, Charles@f1809-1882)@4著 |
| 702 | 0 | @a叶笃庄@Aye du zhuang@4译 |
| 801 | 2 | @aCN@bBJSDL@c20211018 |
| 905 | @b1344376-9@dQ944.58@e513@f4 | |
| 同种植物的不同花型=The different forms of flowers on plants of the same species/(英)达尔文著/叶笃庄译.-北京:北京大学出版社,2019.5 |
| 277页:图,照片;26cm.-(科学元典丛书;53) |
| 北京大学通识教育经典名著阅读计划 “十三五”国家重点图书出版规划.-并列题名:Different forms of flowers on plants of the same species |
| ISBN 978-7-301-30304-7:CNY79.00 |
| 本书作者综合运用了比较形态学、生理亲和性、传粉学、生态和遗传学的证据深入剖析三种性系统多态性现象:异型花柱、雌雄异株和闭花受精。一共报道了14个科38个属包含有异型花柱植物。 |
| ● |
| 相关链接 |
|
|
|
|
正题名:同种植物的不同花型
索取号:Q944.58/513
 
预约/预借
| 序号 | 登录号 | 条形码 | 馆藏地/架位号 | 状态 | 备注 |
| 1 | 1344376 | 213443763 | 第二样本阅览室/ [索取号:Q944.58/513] | 在馆 | |
| 2 | 1344377 | 213443772 | 第三借阅区/ [索取号:Q944.58/513] | 在馆 | |
| 3 | 1344378 | 213443781 | 第三借阅区/ [索取号:Q944.58/513] | 在馆 | |
| 4 | 1344379 | 213443790 | 第三借阅区/ [索取号:Q944.58/513] | 在馆 |